[Event "RUS-ch Blitz Women 2018"]
[Site "Sochi"]
[Date "2018.10.07"]
[Round "1"]
[White "Kashlinskaya, Alina"]
[Black "Sirotkina, Nina"]
[Result "0-1"]
[WhiteElo "2447"]
[BlackElo "2188"]
[Annotator "NA"]
[PlyCount "138"]
[EventDate "2018.10.07"]
[EventType "swiss"]
[EventCountry "RUS"]
[SourceTitle "playchess.com"]
[Source "ChessBase"]
[SourceQuality "1"]
[TimeControl "180+2"]

1. d4 {[%emt 0:00:00]} Nf6 {[%emt 0:00:00]} 2. c4 {[%emt 0:00:00]} e6 {[%emt 0:00:03]} 3. Nc3 {[%emt 0:00:01]} d5 {[%emt 0:00:02]} 4. cxd5 {[%emt 0:00:02]} exd5 {[%emt 0:00:01]} 5. Bg5 {[%emt 0:00:02]} c6 {[%emt 0:00:01]} 6. e3 {[%emt 0:00:01]} Be7 {[%emt 0:00:02]} 7. Qc2 {[%emt 0:00:04]} O-O {[%emt 0:00:01]} 8. Bd3 {[%emt 0:00:01]} Nbd7 {[%emt 0:00:03]} 9. Nge2 {[%emt 0:00:03]} Re8 {[%emt 0:00:02]} 10. O-O {[%emt 0:00:03]} Nf8 {[%emt 0:00:03]} 11. f3 {[%emt 0:00:18]} g6 {[%emt 0:00:49]} 12. Rad1 {[%emt 0:00:14]} Ne6 {[%emt 0:00:02]} 13. Bh4 {[%emt 0:00:01]} Ng7 {[%emt 0:00:07]} 14. e4 {[%emt 0:00:20]} Be6 {[%emt 0:00:18]} 15. Qd2 {[%emt 0:00:25]} Nd7 {[%emt 0:00:15]} 16. Bxe7 {[%emt 0:00:05]} Qxe7 {[%emt 0:00:02]} 17. Rde1 {[%emt 0:00:10]} Rad8 {[%emt 0:00:09]} 18. Qh6 {[%emt 0:00:05]} Qf8 {[%emt 0:00:08]} 19. Nf4 {[%emt 0:00:09]} Nf6 {[%emt 0:00:11]} 20. Qh4 {[%emt 0:00:19]} Nfh5 {[%emt 0:00:15]} 21. Nxh5 {[%emt 0:00:12]} Nxh5 {[%emt 0:00:01]} 22. e5 {[%emt 0:00:21]} Ng7 {[%emt 0:00:01]} 23. g4 {[%emt 0:00:02]} Qb4 {[%emt 0:00:08]} 24. Qf2 {[%emt 0:00:04]} b6 {[%emt 0:00:11]} 25. a3 {[%emt 0:00:01]} Qf8 {[%emt 0:00:05]} 26. b4 {[%emt 0:00:03]} f5 {[%emt 0:00:04]} 27. Ne2 {[%emt 0:00:13]} f4 {[%emt 0:00:12]} 28. Qh4 {[%emt 0:00:01]} Qf7 {[%emt 0:00:01]} 29. Qf6 {[%emt 0:00:02]} Rf8 {[%emt 0:00:06]} 30. g5 {[%emt 0:00:04]} Nh5 {[%emt 0:00:01]} 31. Qxf7+ {[%emt 0:00:02]} Rxf7 {[%emt 0:00:01]} 32. Rc1 {[%emt 0:00:03]} Bd7 {[%emt 0:00:02]} 33. Rc3 {[%emt 0:00:05]} Ng7 {[%emt 0:00:03]} 34. Rfc1 {[%emt 0:00:03]} Ne6 {[%emt 0:00:01]} 35. h4 {[%emt 0:00:02]} Ra8 {[%emt 0:00:09]} 36. Kf2 {[%emt 0:00:01]} a5 {[%emt 0:00:01]} 37. h5 {[%emt 0:00:13]} Kg7 {[%emt 0:00:03]} 38. hxg6 {[%emt 0:00:02]} hxg6 {[%emt 0:00:01]} 39. Rh1 {[%emt 0:00:01]} axb4 {[%emt 0:00:02]} 40. axb4 {[%emt 0:00:00]} Ra2 {[%emt 0:00:02]} 41. Rh6 {[%emt 0:00:02]} Nxd4 {[%emt 0:00:03]} 42. Rxg6+ {[%emt 0:00:01]} Kf8 {[%emt 0:00:02]} 43. Rd6 {[%emt 0:00:14]} Bf5 {[%emt 0:00:05]} 44. e6 {[%emt 0:00:06]} Bxe6 {[%emt 0:00:09]} 45. Ke1 {[%emt 0:00:01]} Nxe2 {[%emt 0:00:03]} 46. Bxe2 {[%emt 0:00:01]} Bd7 {[%emt 0:00:03]} 47. Kf1 {[%emt 0:00:05]} Rh7 {[%emt 0:00:01]} 48. Ke1 Rh1+ {[%emt 0:00:02]} 49. Bf1 {[%emt 0:00:06]} Ra1+ {[%emt 0:00:01]} 50. Kd2 {[%emt 0:00:01]} Rhxf1 {[%emt 0:00:07]} 51. Rxd7 {[%emt 0:00:01]} Rfd1+ {[%emt 0:00:04]} 52. Ke2 {[%emt 0:00:01]} Re1+ 53. Kf2 Rf1+ 54. Kg2 Rg1+ {[%emt 0:00:07]} 55. Kf2 {[%emt 0:00:03]} Rgf1+ {[%emt 0:00:05]} 56. Kg2 {[%emt 0:00:02]} Rg1+ {[%emt 0:00:04]} 57. Kf2 {[%emt 0:00:00]} Rgf1+ {[%emt 0:00:01]} 58. Ke2 {[%emt 0:00:00]} Rfe1+ {[%emt 0:00:02]} 59. Kd2 {[%emt 0:00:03]} Rad1+ {[%emt 0:00:02]} 60. Kc2 {[%emt 0:00:01]} Rc1+ {[%emt 0:00:01]} 61. Kb2 {[%emt 0:00:04]} Rxc3 {[%emt 0:00:02]} 62. Kxc3 {[%emt 0:00:01]} Re3+ {[%emt 0:00:00]} 63. Kd4 {[%emt 0:00:00]} Rxf3 {[%emt 0:00:02]} 64. Ke5 {[%emt 0:00:02]} Rb3 {[%emt 0:00:03]} 65. Kf6 {[%emt 0:00:03]} Ke8 {[%emt 0:00:03]} 66. Rh7 {[%emt 0:00:04]} f3 {[%emt 0:00:01]} 67. g6 {[%emt 0:00:00]} f2 {[%emt 0:00:01]} 68. Rh1 {[%emt 0:00:02]} Rf3+ {[%emt 0:00:02]} 69. Ke6 {[%emt 0:00:02]} f1=Q {[%emt 0:00:03]} 0-1

[Event "RUS-ch Blitz Women 2018"]
[Site "Sochi"]
[Date "2018.10.07"]
[Round "1"]
[White "Vasilevich, Tatjana"]
[Black "Pavlova, Natalia"]
[Result "1-0"]
[WhiteElo "2360"]
[BlackElo "1978"]
[Annotator "NA"]
[PlyCount "39"]
[EventDate "2018.10.07"]
[EventType "swiss"]
[EventCountry "RUS"]
[SourceTitle "playchess.com"]
[Source "ChessBase"]
[SourceQuality "1"]
[TimeControl "180+2"]

1. d4 {[%emt 0:00:00]} d5 {[%emt 0:00:00]} 2. c4 {[%emt 0:00:00]} c6 {[%emt 0:00:00]} 3. Nf3 {[%emt 0:00:01]} Nf6 {[%emt 0:00:01]} 4. e3 {[%emt 0:00:01]} e6 {[%emt 0:00:01]} 5. Nbd2 {[%emt 0:00:02]} Be7 {[%emt 0:00:03]} 6. Bd3 {[%emt 0:00:01]} O-O {[%emt 0:00:03]} 7. O-O {[%emt 0:00:02]} Nbd7 {[%emt 0:00:10]} 8. e4 {[%emt 0:00:02]} dxe4 {[%emt 0:00:04]} 9. Nxe4 {[%emt 0:00:01]} Nxe4 {[%emt 0:00:02]} 10. Bxe4 {[%emt 0:00:01]} Nf6 {[%emt 0:00:03]} 11. Bc2 {[%emt 0:00:01]} c5 {[%emt 0:00:07]} 12. Re1 {[%emt 0:00:12]} b6 {[%emt 0:00:13]} 13. b3 {[%emt 0:00:48]} Bb7 {[%emt 0:00:12]} 14. Bb2 {[%emt 0:00:00]} Qc7 {[%emt 0:00:09]} 15. Qd3 {[%emt 0:00:11]} Rfd8 {[%emt 0:00:26]} 16. d5 {[%emt 0:00:02]} g6 {[%emt 0:00:10]} 17. Qe2 {[%emt 0:00:08]} Bc8 {[%emt 0:00:28]} 18. dxe6 {[%emt 0:00:18]} Bxe6 {[%emt 0:00:01]} 19. Ng5 {[%emt 0:00:01]} Bd6 {[%emt 0:00:29]} 20. Bxf6 {[%emt 0:00:05]} 1-0

[Event "RUS-ch Blitz Women 2018"]
[Site "Sochi"]
[Date "2018.10.07"]
[Round "1"]
[White "Charochkina, Daria"]
[Black "Smirnova, Ekaterina"]
[Result "1-0"]
[WhiteElo "2344"]
[BlackElo "2202"]
[Annotator "NA"]
[PlyCount "73"]
[EventDate "2018.10.07"]
[EventType "swiss"]
[EventCountry "RUS"]
[SourceTitle "playchess.com"]
[Source "ChessBase"]
[SourceQuality "1"]
[TimeControl "180+2"]

1. d4 {[%emt 0:00:00]} d5 {[%emt 0:00:00]} 2. c4 {[%emt 0:00:00]} c6 {[%emt 0:00:00]} 3. Nc3 {[%emt 0:00:01]} Nf6 {[%emt 0:00:01]} 4. Nf3 {[%emt 0:00:01]} e6 {[%emt 0:00:01]} 5. Bg5 {[%emt 0:00:02]} dxc4 {[%emt 0:00:01]} 6. a4 {[%emt 0:00:04]} Bb4 $11 {[%emt 0:00:13]} 7. e4 {[%emt 0:00:18]} Bxc3+ {[%emt 0:00:44]} 8. bxc3 {[%emt 0:00:02]} Qa5 {[%emt 0:00:01]} 9. e5 {[%emt 0:00:01]} Ne4 {[%emt 0:00:09]} 10. Rc1 {[%emt 0:00:02]} Nxg5 {[%emt 0:00:22]} 11. Nxg5 {[%emt 0:00:01]} b5 {[%emt 0:00:06]} 12. Qh5 {[%emt 0:00:20]} Qc7 {[%emt 0:00:18]} 13. Ne4 {[%emt 0:00:04]} O-O {[%emt 0:00:07]} 14. Be2 {[%emt 0:00:22]} Nd7 {[%emt 0:00:03]} 15. O-O {[%emt 0:00:03]} Bb7 {[%emt 0:00:17]} 16. f4 {[%emt 0:00:14]} c5 {[%emt 0:00:04]} 17. Nd6 {[%emt 0:00:14]} Bd5 {[%emt 0:00:06]} 18. f5 {[%emt 0:00:01]} exf5 {[%emt 0:00:21]} 19. Nxf5 {[%emt 0:00:22]} Nb6 {[%emt 0:00:09]} 20. Rf4 {[%emt 0:00:09]} Be6 {[%emt 0:00:08]} 21. Nxg7 {[%emt 0:00:23]} Kxg7 {[%emt 0:00:01]} 22. Qg5+ {[%emt 0:00:03]} Kh8 {[%emt 0:00:01]} 23. Qf6+ {[%emt 0:00:02]} Kg8 {[%emt 0:00:00]} 24. Rf3 {[%emt 0:00:15]} Rfd8 {[%emt 0:00:07]} 25. Rcf1 {[%emt 0:00:04]} Nd5 {[%emt 0:00:05]} 26. Rg3+ {[%emt 0:00:06]} Kf8 {[%emt 0:00:02]} 27. Qh6+ {[%emt 0:00:09]} Ke7 {[%emt 0:00:03]} 28. Bg4 {[%emt 0:00:01]} Qc6 {[%emt 0:00:08]} 29. Qh4+ {[%emt 0:00:01]} Ke8 {[%emt 0:00:03]} 30. Qxh7 {[%emt 0:00:05]} a5 {[%emt 0:00:09]} 31. Bh5 {[%emt 0:00:03]} Ra7 {[%emt 0:00:01]} 32. Rg8+ {[%emt 0:00:06]} Kd7 {[%emt 0:00:03]} 33. Bxf7 {[%emt 0:00:09]} Bxf7 {[%emt 0:00:06]} 34. Rxf7+ {[%emt 0:00:02]} Kc8 {[%emt 0:00:01]} 35. Rxd8+ {[%emt 0:00:01]} Kxd8 {[%emt 0:00:01]} 36. Rxa7 {[%emt 0:00:04]} Ne3 {[%emt 0:00:05]} 37. Qg8+ {[%emt 0:00:02]} 1-0

[Event "RUS-ch Blitz Women 2018"]
[Site "Sochi"]
[Date "2018.10.07"]
[Round "1"]
[White "Dordzhieva, Dinara"]
[Black "Faizutdinova, Diana"]
[Result "1-0"]
[WhiteElo "2340"]
[BlackElo "2061"]
[Annotator "NA"]
[PlyCount "101"]
[EventDate "2018.10.07"]
[EventType "swiss"]
[EventCountry "RUS"]
[SourceTitle "playchess.com"]
[Source "ChessBase"]
[SourceQuality "1"]
[TimeControl "180+2"]

1. Nf3 {[%emt 0:00:00]} Nf6 {[%emt 0:00:00]} 2. c4 {[%emt 0:00:00]} d6 {[%emt 0:00:02]} 3. d4 {[%emt 0:00:03]} g6 {[%emt 0:00:02]} 4. g3 {[%emt 0:00:02]} Bg7 {[%emt 0:00:02]} 5. Bg2 {[%emt 0:00:01]} c6 {[%emt 0:00:01]} 6. Nc3 {[%emt 0:00:02]} Bf5 {[%emt 0:00:01]} 7. O-O {[%emt 0:00:18]} O-O {[%emt 0:00:02]} 8. Nh4 {[%emt 0:00:01]} Be6 {[%emt 0:00:01]} 9. b3 {[%emt 0:00:10]} d5 {[%emt 0:00:03]} 10. cxd5 {[%emt 0:00:09]} cxd5 {[%emt 0:00:02]} 11. Nf3 {[%emt 0:00:07]} Nc6 {[%emt 0:00:04]} 12. h3 {[%emt 0:00:15]} Ne4 {[%emt 0:00:08]} 13. Bb2 {[%emt 0:00:06]} Nxc3 {[%emt 0:00:06]} 14. Bxc3 {[%emt 0:00:01]} a5 {[%emt 0:00:05]} 15. Qd2 {[%emt 0:00:02]} h6 {[%emt 0:00:10]} 16. Kh2 {[%emt 0:00:01]} Qb6 {[%emt 0:00:12]} 17. Rfc1 {[%emt 0:00:18]} Rfc8 {[%emt 0:00:02]} 18. e3 {[%emt 0:00:08]} Bf5 {[%emt 0:00:33]} 19. Ne1 {[%emt 0:00:01]} Be4 {[%emt 0:00:28]} 20. f3 {[%emt 0:00:01]} Bf5 {[%emt 0:00:03]} 21. Nd3 {[%emt 0:00:04]} Bxd3 {[%emt 0:00:05]} 22. Qxd3 {[%emt 0:00:00]} Nb4 {[%emt 0:00:03]} 23. Qd2 {[%emt 0:00:01]} e6 {[%emt 0:00:06]} 24. Rab1 {[%emt 0:00:17]} Rc7 {[%emt 0:00:34]} 25. a3 {[%emt 0:00:26]} Nc6 {[%emt 0:00:06]} 26. Qd3 {[%emt 0:00:02]} Rac8 {[%emt 0:00:06]} 27. Bd2 {[%emt 0:00:00]} Na7 {[%emt 0:00:21]} 28. a4 {[%emt 0:00:25]} Bf8 {[%emt 0:00:02]} 29. e4 {[%emt 0:00:04]} Rxc1 {[%emt 0:00:16]} 30. Rxc1 {[%emt 0:00:01]} Rxc1 {[%emt 0:00:02]} 31. Bxc1 {[%emt 0:00:00]} Nc6 {[%emt 0:00:07]} 32. exd5 {[%emt 0:00:09]} exd5 {[%emt 0:00:01]} 33. Be3 {[%emt 0:00:02]} Bg7 {[%emt 0:00:01]} 34. f4 {[%emt 0:00:18]} Bxd4 {[%emt 0:00:01]} 35. Bxd5 {[%emt 0:00:15]} Bxe3 {[%emt 0:00:02]} 36. Qxg6+ {[%emt 0:00:00]} Kh8 {[%emt 0:00:03]} 37. Qxh6+ {[%emt 0:00:07]} Kg8 {[%emt 0:00:01]} 38. Qg6+ {[%emt 0:00:00]} Kh8 {[%emt 0:00:01]} 39. Bxf7 {[%emt 0:00:08]} Bg1+ 40. Kh1 Ne7 {[%emt 0:00:05]} 41. Qh5+ {[%emt 0:00:09]} Kg7 {[%emt 0:00:00]} 42. Bc4 {[%emt 0:00:02]} Qc6+ {[%emt 0:00:02]} 43. Kxg1 {[%emt 0:00:01]} Qc5+ {[%emt 0:00:02]} 44. Kg2 {[%emt 0:00:01]} Qc6+ {[%emt 0:00:01]} 45. Qf3 {[%emt 0:00:00]} Qd6 {[%emt 0:00:02]} 46. Qc3+ {[%emt 0:00:01]} Kf8 {[%emt 0:00:02]} 47. Qe3 {[%emt 0:00:03]} Nf5 {[%emt 0:00:03]} 48. Qf2 {[%emt 0:00:04]} Qc6+ {[%emt 0:00:02]} 49. Kh2 {[%emt 0:00:01]} Qe4 {[%emt 0:00:01]} 50. Qc5+ {[%emt 0:00:03]} Kg7 {[%emt 0:00:03]} 51. Qe5+ {[%emt 0:00:03]} 1-0

[Event "RUS-ch Blitz Women 2018"]
[Site "Sochi"]
[Date "2018.10.07"]
[Round "1"]
[White "Guseva, Marina"]
[Black "Kirchei, Viktoriia"]
[Result "1-0"]
[WhiteElo "2292"]
[BlackElo "2002"]
[Annotator "NA"]
[PlyCount "73"]
[EventDate "2018.10.07"]
[EventType "swiss"]
[EventCountry "RUS"]
[SourceTitle "playchess.com"]
[Source "ChessBase"]
[SourceQuality "1"]
[TimeControl "180+2"]

1. d4 {[%emt 0:00:00]} d5 {[%emt 0:00:00]} 2. c4 {[%emt 0:00:00]} e6 {[%emt 0:00:00]} 3. Nc3 {[%emt 0:00:02]} c6 {[%emt 0:00:01]} 4. e3 {[%emt 0:00:01]} Nf6 {[%emt 0:00:03]} 5. Nf3 {[%emt 0:00:01]} Bd6 {[%emt 0:00:03]} 6. Bd3 {[%emt 0:00:10]} dxc4 {[%emt 0:00:01]} 7. Bxc4 {[%emt 0:00:01]} b5 {[%emt 0:00:01]} 8. Bd3 {[%emt 0:00:02]} a6 {[%emt 0:00:02]} 9. a4 {[%emt 0:00:19]} Bb7 {[%emt 0:00:10]} 10. O-O {[%emt 0:00:03]} Nbd7 {[%emt 0:00:07]} 11. b3 {[%emt 0:00:39]} O-O {[%emt 0:00:15]} 12. Bb2 {[%emt 0:00:02]} Bc7 {[%emt 0:00:17]} 13. Rc1 {[%emt 0:00:09]} Rc8 {[%emt 0:00:16]} 14. Qe2 {[%emt 0:00:04]} Nb6 {[%emt 0:00:12]} 15. Rfd1 {[%emt 0:00:23]} Nbd5 {[%emt 0:00:05]} 16. Nxd5 {[%emt 0:00:05]} Nxd5 {[%emt 0:00:02]} 17. Ne5 {[%emt 0:00:16]} Bd6 {[%emt 0:00:31]} 18. g3 {[%emt 0:00:32]} Nb4 {[%emt 0:00:27]} 19. Be4 {[%emt 0:00:03]} Nd5 {[%emt 0:00:17]} 20. Bg2 {[%emt 0:00:08]} f6 {[%emt 0:00:11]} 21. Nd3 {[%emt 0:00:02]} bxa4 {[%emt 0:00:15]} 22. bxa4 {[%emt 0:00:01]} Qb6 {[%emt 0:00:01]} 23. Nc5 {[%emt 0:00:04]} Bxc5 {[%emt 0:00:02]} 24. Rxc5 {[%emt 0:00:05]} Qb3 {[%emt 0:00:02]} 25. Qc2 {[%emt 0:00:18]} Qb6 {[%emt 0:00:13]} 26. Ba3 {[%emt 0:00:03]} Rfe8 {[%emt 0:00:02]} 27. Rb1 {[%emt 0:00:01]} Qc7 {[%emt 0:00:01]} 28. e4 {[%emt 0:00:07]} Ne7 {[%emt 0:00:03]} 29. d5 {[%emt 0:00:06]} exd5 {[%emt 0:00:02]} 30. exd5 {[%emt 0:00:01]} Qd7 {[%emt 0:00:12]} 31. d6 {[%emt 0:00:04]} Ng6 {[%emt 0:00:03]} 32. Rc3 {[%emt 0:00:02]} Re6 {[%emt 0:00:03]} 33. Qb3 {[%emt 0:00:02]} Ba8 {[%emt 0:00:02]} 34. Bh3 {[%emt 0:00:01]} f5 {[%emt 0:00:03]} 35. Bxf5 {[%emt 0:00:02]} Kf7 {[%emt 0:00:01]} 36. Bxe6+ {[%emt 0:00:02]} Qxe6 {[%emt 0:00:01]} 37. Rf3+ {[%emt 0:00:01]} 1-0

[Event "RUS-ch Blitz Women 2018"]
[Site "Sochi"]
[Date "2018.10.07"]
[Round "1"]
[White "Maletina, Tatiana"]
[Black "Borisova, Ekaterina"]
[Result "1-0"]
[WhiteElo "2270"]
[BlackElo "2256"]
[Annotator "NA"]
[PlyCount "45"]
[EventDate "2018.10.07"]
[EventType "swiss"]
[EventCountry "RUS"]
[SourceTitle "playchess.com"]
[Source "ChessBase"]
[SourceQuality "1"]
[TimeControl "180+2"]

1. d4 {[%emt 0:00:00]} d5 {[%emt 0:00:00]} 2. c4 {[%emt 0:00:01]} c6 {[%emt 0:00:00]} 3. Nf3 {[%emt 0:00:02]} Nf6 {[%emt 0:00:00]} 4. Qc2 {[%emt 0:00:02]} dxc4 {[%emt 0:00:03]} 5. e4 {[%emt 0:00:01]} b5 {[%emt 0:00:08]} 6. b3 {[%emt 0:00:02]} cxb3 {[%emt 0:00:02]} 7. axb3 {[%emt 0:00:01]} Bb7 {[%emt 0:00:07]} 8. Bd2 {[%emt 0:00:02]} a5 {[%emt 0:00:01]} 9. Bd3 {[%emt 0:00:02]} e6 {[%emt 0:00:02]} 10. O-O {[%emt 0:00:04]} h6 {[%emt 0:00:05]} 11. Rd1 {[%emt 0:00:03]} Nbd7 {[%emt 0:00:05]} 12. Qc1 {[%emt 0:00:14]} Be7 {[%emt 0:00:08]} 13. Nc3 {[%emt 0:00:02]} b4 {[%emt 0:00:30]} 14. Na4 {[%emt 0:00:03]} O-O {[%emt 0:00:14]} 15. Bxh6 {[%emt 0:00:28]} c5 {[%emt 0:00:42]} 16. Bxg7 {[%emt 0:01:04]} Kxg7 {[%emt 0:00:02]} 17. Qg5+ {[%emt 0:00:03]} Kh8 {[%emt 0:00:04]} 18. Qh6+ {[%emt 0:00:07]} Nh7 {[%emt 0:00:16]} 19. e5 {[%emt 0:00:04]} f5 {[%emt 0:00:01]} 20. exf6 {[%emt 0:00:13]} Ndxf6 {[%emt 0:00:01]} 21. Ne5 {[%emt 0:00:42]} Qd5 {[%emt 0:00:38]} 22. Ng6+ {[%emt 0:00:01]} Kg8 {[%emt 0:00:01]} 23. Nxe7+ {[%emt 0:00:01]} 1-0

[Event "RUS-ch Blitz Women 2018"]
[Site "Sochi"]
[Date "2018.10.07"]
[Round "1"]
[White "Gubernatorova, Lyudmila"]
[Black "Voit, Daria"]
[Result "0-1"]
[WhiteElo "2200"]
[BlackElo "2352"]
[Annotator "NA"]
[PlyCount "74"]
[EventDate "2018.10.07"]
[EventType "swiss"]
[EventCountry "RUS"]
[SourceTitle "playchess.com"]
[Source "ChessBase"]
[SourceQuality "1"]
[TimeControl "180+2"]

1. d4 {[%emt 0:00:00]} Nf6 {[%emt 0:00:00]} 2. Nf3 {[%emt 0:00:01]} e6 {[%emt 0:00:00]} 3. e3 {[%emt 0:00:07]} b6 {[%emt 0:00:01]} 4. Bd3 {[%emt 0:00:01]} Bb7 {[%emt 0:00:01]} 5. O-O {[%emt 0:00:02]} c5 {[%emt 0:00:01]} 6. c4 {[%emt 0:00:02]} Be7 {[%emt 0:00:02]} 7. Nc3 {[%emt 0:00:01]} cxd4 {[%emt 0:00:08]} 8. exd4 {[%emt 0:00:01]} d5 {[%emt 0:00:03]} 9. cxd5 {[%emt 0:00:07]} Nxd5 {[%emt 0:00:02]} 10. Bb5+ {[%emt 0:00:10]} Bc6 {[%emt 0:00:03]} 11. Qe2 {[%emt 0:00:41]} O-O {[%emt 0:00:06]} 12. Bd2 {[%emt 0:00:24]} Nxc3 {[%emt 0:00:08]} 13. bxc3 {[%emt 0:00:01]} Bxb5 {[%emt 0:00:29]} 14. Qxb5 {[%emt 0:00:02]} Qd7 {[%emt 0:00:01]} 15. Qh5 {[%emt 0:00:02]} Nc6 {[%emt 0:00:07]} 16. Rfe1 {[%emt 0:00:07]} Rac8 {[%emt 0:00:07]} 17. Re4 {[%emt 0:00:04]} Bf6 {[%emt 0:00:01]} 18. Rae1 {[%emt 0:00:11]} Ne7 {[%emt 0:00:12]} 19. g4 {[%emt 0:00:06]} g6 {[%emt 0:00:34]} 20. Qh6 {[%emt 0:00:02]} Bg7 {[%emt 0:00:01]} 21. Qh4 {[%emt 0:00:02]} Nd5 {[%emt 0:00:02]} 22. Ne5 {[%emt 0:00:21]} Qa4 {[%emt 0:00:58]} 23. g5 {[%emt 0:00:16]} Qxa2 {[%emt 0:00:10]} 24. R1e2 {[%emt 0:00:08]} Qb1+ {[%emt 0:00:03]} 25. Kg2 {[%emt 0:00:06]} Nxc3 {[%emt 0:00:01]} 26. Bxc3 {[%emt 0:00:13]} Rxc3 {[%emt 0:00:01]} 27. R4e3 {[%emt 0:00:11]} Rfc8 {[%emt 0:00:05]} 28. Ng4 {[%emt 0:00:04]} Rc1 {[%emt 0:00:10]} 29. Nf6+ {[%emt 0:00:04]} Bxf6 {[%emt 0:00:04]} 30. gxf6 {[%emt 0:00:01]} Rg1+ {[%emt 0:00:01]} 31. Kf3 {[%emt 0:00:02]} Qf5+ {[%emt 0:00:01]} 32. Qf4 {[%emt 0:00:06]} Qh5+ {[%emt 0:00:02]} 33. Ke4 {[%emt 0:00:01]} Qd5+ {[%emt 0:00:02]} 34. Kd3 {[%emt 0:00:03]} Qb5+ {[%emt 0:00:09]} 35. Ke4 {[%emt 0:00:02]} Qc6+ {[%emt 0:00:01]} 36. Kd3 {[%emt 0:00:04]} Rd1+ {[%emt 0:00:04]} 37. Rd2 {[%emt 0:00:01]} Qb5+ {[%emt 0:00:05]} 0-1

[Event "RUS-ch Blitz Women 2018"]
[Site "Sochi"]
[Date "2018.10.07"]
[Round "1"]
[White "Yurasova, Daria"]
[Black "Bodnaruk, Anastasia"]
[Result "0-1"]
[WhiteElo "2193"]
[BlackElo "2423"]
[Annotator "TA"]
[PlyCount "136"]
[EventDate "2018.10.07"]
[EventType "swiss"]
[EventCountry "RUS"]
[SourceTitle "playchess.com"]
[Source "ChessBase"]
[SourceQuality "1"]

{[%evp 17,136,-6,0,11,22,-8,-11,-16,-2,-4,-8,-28,-33,-56,-39,-71,-42,-33,-33,-32,-35,-26,-20,-38,-28,-34,-27,-26,-27,-38,-46,-39,-5,-16,-8,-35,-14,-17,-17,-27,-27,-50,37,36,84,-43,-49,-57,-78,-66,-49,-41,-11,-296,-278,-462,-459,-464,-462,-451,-435,-541,-538,-576,-525,-615,-546,-515,-504,-510,-484,-714,-681,-611,-436,-542,-154,-498,0,-517,-503,-733,-721,-731,-703,-1361,-1190,-1117,-780,-980,-993,-836,-788,-29982,-1033,-1011,-999,-1102,-1071,-1808,-662,-1021,-758,-758,-756,-736,-722,-866,-759,-5602,-5119,-2129,-1790,-4132,-4133,-4133,-1588,-6033,-5472,-29992,-29979]} 1. d4 Nf6 2. Nf3 g6 3. Bg5 Bg7 4. c3 O-O 5. Nbd2 d5 6. e3 b6 7. Bd3 c5 8. O-O Bb7 9. Re1 {D03: 1 d4 d5 2 Nf3 Nf6 3 Bg5, including Torre Attack with early ...d5} (9. Ne5 Ne8 10. Bh4 Nd6 11. Qg4 Bc8 12. Qe2 Bb7 13. Rad1 Nd7 14. Nef3 Nf6 15. dxc5 bxc5 16. c4 Qc7 {1-0 (51) Inarkiev,E (2690)-Wei,Y (2735) Magas 2018}) 9... Nbd7 {LiveBook: 11 Games} 10. Bc2 Re8 $146 ({Predecessor:} 10... Ne4 11. Nxe4 dxe4 12. Nd2 f5 {0-1 (40) Trojan,L (2066)-Janda,J (2145) Czechia 2004}) 11. Bh4 {The position is equal.} e5 12. dxe5 Nxe5 13. Nxe5 Rxe5 14. Nf3 Re8 15. Rc1 h6 16. Bb3 g5 17. Bg3 Ne4 18. Nd2 Nxg3 19. hxg3 Qf6 20. Qf3 Qxf3 21. Nxf3 Rad8 22. Rcd1 Rd6 23. Rd2 Red8 24. Red1 Bf8 25. Bc2 Kg7 26. Bf5 Be7 27. g4 a5 28. Nh2 Bf6 29. Nf1 b5 (29... Be5 $15) 30. Ng3 $14 Be5 {[#]} 31. Nh5+ (31. f4 $1 $16 {[%cal Rf4e5][%mdl 512]} Bf6 (31... gxf4 32. exf4) 32. Ne4 $1 {[%mdl 512]}) 31... Kf8 $15 32. f4 gxf4 33. exf4 Bh8 34. Ng3 {White wants to play Ne4!} d4 35. Ne4 $2 {[%mdl 8192]} (35. Be4 $11 Bxe4 36. Nxe4) 35... Rd5 $19 36. cxd4 $2 (36. Re2 Re8 37. Rdd2) 36... Bxd4+ 37. Kh2 {[#]} Rxf5 $1 {[%mdl 512]} 38. gxf5 Bxe4 39. Kg3 Bxf5 40. Rh1 Kg7 41. Re2 Rd7 42. Kf3 Bd3 43. Rd2 Bc4 44. Rh5 (44. b3 $142 Be6 45. Rh5) 44... Bxa2 45. Rxc5 Bc4 ({Weaker is} 45... Bd5+ 46. Rxd5 $1 {[%mdl 512]} Rxd5 47. Ke4 $17) 46. Rh5 {intending Ke4.} Bd5+ $2 {[#]} (46... Re7 $19 {has better winning chances.} 47. Kg3 Be3) 47. Kg3 $2 (47. Rxd5 $1 $17 {[%mdl 512]} Rxd5 48. Ke4) 47... Bc4 $2 ({Black should try} 47... Bc6 $19 48. Rh1 Bf6 49. Rxd7 Bxd7) 48. Rh1 $2 {[%mdl 8192]} (48. Kf3 $11) 48... Rd6 49. Rhd1 Rg6+ 50. Kh2 Be3 51. Rc2 Bxf4+ 52. Kh1 Be5 53. Rcd2 a4 54. Re1 Rg5 55. Rc2 Bg3 (55... Rh5+ $142 56. Kg1 Bd4+ 57. Rf2 Rf5 58. Kh1 Bxf2 59. g4 Bxe1 60. gxf5 Bg3 61. Kg2 Be5 62. Kf2 Bxb2 63. Kg3 a3 64. f6+ Kg6 65. Kh2 Be5+ 66. Kh3 a2 67. Kg2 a1=Q 68. Kf3 Qe1 69. Kg4 Qg3#) 56. Re3 Bf4 57. Re1 Rg3 58. Re4 Bg5 {Hoping for ...Bd3.} 59. Re1 a3 60. bxa3 Rxa3 61. Rb2 Bf6 62. Rc2 Be6 63. Rf1 b4 {[%cal Bb5b4,Bb4b3,Bb3b2][%mdl 32]} 64. Rcf2 Bg5 65. Rb2 b3 66. Rf3 Ra2 67. Rb1 b2 68. Rb3 Bf6 {Precision: White = 24%, Black = 54%.} 0-1